Normal view
MARC view
- Islam
Entry Topical Term
001 - CONTROL NUMBER
- control field: 2578
003 - CONTROL NUMBER IDENTIFIER
- control field: OSt
005 - DATE AND TIME OF LATEST TRANSACTION
- control field: 20170509093415.0
008 - FIXED-LENGTH DATA ELEMENTS
- fixed length control field: 170509|| aca||aabn | a|a d
040 ## - CATALOGING SOURCE
- Original cataloging agency: OSt
- Transcribing agency: OSt
150 ## - HEADING--TOPICAL TERM
- Topical term or geographic name entry element: Islam
- General subdivision: Moral theology and religious experience
670 ## - SOURCE DATA FOUND
- Source citation: Work cat.: (OSt)0: Ghazali, Imam 2577, Ihya' Ulumiddin : mengembangkan ilmu-ilmu agama /, 1988

PORTAL AKMAL
E-MEL JKDM
AKMAL2U
G-BAM
u-PUSTAKA